Freehold estates viz. Gelly Deg, Cwmllecoediog, Creamore, Kirkham Abbey, Hafod, Forest Lodge and Horfield Court at the Auction Mart 7 October 1830 (Record no. 116351)

MARC details
000 -LEADER
fixed length control field 00888cam a22002055a 4500
001 - CONTROL NUMBER
control field L140552
008 - FIXED-LENGTH DATA ELEMENTS--GENERAL INFORMATION
fixed length control field 070927s1830 xkk eng u
035 ## - SYSTEM CONTROL NUMBER
System control number (Sirsi) u140552
041 0# - LANGUAGE CODE
Language code of text/sound track or separate title eng
110 2# - MAIN ENTRY--CORPORATE NAME
Corporate name or jurisdiction name as entry element George Robins
245 00 - TITLE STATEMENT
Title Freehold estates viz. Gelly Deg, Cwmllecoediog, Creamore, Kirkham Abbey, Hafod, Forest Lodge and Horfield Court at the Auction Mart 7 October 1830
260 ## - PUBLICATION, DISTRIBUTION, ETC.
Place of publication, distribution, etc. S.l.
-- .n.
Date of publication, distribution, etc. 1830
300 ## - PHYSICAL DESCRIPTION
Extent 1 v.
Other physical details maps
Dimensions 35 cm.
351 ## - ORGANIZATION AND ARRANGEMENT OF MATERIALS
Hierarchical level Single item
500 ## - GENERAL NOTE
General note Collection of sales particulars bound together with notes and letters interleaved. Properties were all sold by George Robins at the Auction Mart opposite the Bank of England on 7 October 1830.
500 ## - GENERAL NOTE
General note Title is from cover, which is handwritten.
651 4# - SUBJECT ADDED ENTRY--GEOGRAPHIC NAME
Geographic name Great Britain
Chronological subdivision 1707-
690 ## - LOCAL SUBJECT ADDED ENTRY--TOPICAL TERM (OCLC, RLIN)
Topical term or geographic name as entry element PROPERTY-PROPERTY ACQUISITION AND DISPOSAL-ACQUISITION AND DISPOSAL AT AUCTION
942 ## - ADDED ENTRY ELEMENTS (KOHA)
Suppress in OPAC 0
Holdings
Withdrawn status Lost status Source of classification or shelving scheme Damaged status Not for loan Home library Current library Shelving location Date acquired Total Checkouts Full call number Barcode Date last seen Copy number Price effective from Koha item type
    Dewey Decimal Classification     Historic collection Historic collection Historic collection 27/09/2007   MAP CABINET DRAWER 6 140552-2001 06/08/2019 1 06/08/2019 Archive